| 000 | nam a22 4500 | ||
|---|---|---|---|
| 999 |
_c28871 _d28871 |
||
| 008 | 170408b xxu||||| |||| 00| 0 eng d | ||
| 020 | _a0931654548 | ||
| 022 | _a19407882 | ||
| 050 | _aLC 1756 N37 2008 | ||
| 110 | _aNASPA | ||
| 245 |
_aJournal about,Women in Higher Education : _bScholarship about women faculty,students, and administration in higher education / _cNASPA |
||
| 300 |
_ax, 244p. : _bill. ; _c25cm |
||
| 440 | _vVol.1 | ||
| 650 |
_aWomen _xGirl _yEducation |
||
| 650 | _aGender in Education | ||
| 650 |
_aWomen _xAbuse _yCareer Choice |
||
| 942 |
_2lcc _cSH_L_BOOKS _hLC 1756 .N37 2008 |
||